[Event "NRW U18 op"]
[Site "Olpe"]
[Date "2005.10.02"]
[Round "4.41"]
[White "Dirking, Sven"]
[Black "Kluft, Lukas"]
[Result "1-0"]
[WhiteElo "1107"]
[BlackElo "828"]
[PlyCount "55"]
[EventDate "2005.10.01"]
[EventType "swiss"]
[EventRounds "7"]
[EventCountry "GER"]
[SourceTitle "CBM 108 Extra"]
[Source "ChessBase"]
[SourceDate "2005.11.04"]
[SourceVersion "1"]
[SourceVersionDate "2005.11.04"]
[SourceQuality "1"]

1. e4 e5 2. Nf3 Nc6 3. d4 d6 4. Bb5 Bd7 5. d5 Nd4 6. Bxd7+ Qxd7 7. Nxd4 exd4 8. Qxd4 0-0-0 9. Qxa7 c6 10. Be3 c5 11. 0-0 b6 12. Qxb6 Qc7 13. Qa6+ Qb7 14. Qxb7+ Kxb7 15. c3 Nf6 16. f3 h6 17. Nd2 g5 18. Rfb1 Ra8 19. b4 cxb4 20. Rxb4+ Kc7 21. Bd4 Nd7 22. Bxh8 Be7 23. Rc4+ Kd8 24. a4 Bf6 25. Bxf6+ Nxf6 26. Rc6 Kd7 27. Nc4 g4 28. Nb6+ 1-0

[Event "NRW U18 op"]
[Site "Olpe"]
[Date "2005.10.01"]
[Round "2.31"]
[White "Kelm, Marcel"]
[Black "Dirking, Sven"]
[Result "1-0"]
[WhiteElo "1471"]
[BlackElo "1107"]
[PlyCount "121"]
[EventDate "2005.10.01"]
[EventType "swiss"]
[EventRounds "7"]
[EventCountry "GER"]
[SourceTitle "CBM 108 Extra"]
[Source "ChessBase"]
[SourceDate "2005.11.04"]
[SourceVersion "1"]
[SourceVersionDate "2005.11.04"]
[SourceQuality "1"]

1. c4 e5 2. Nc3 Bb4 3. g3 Nf6 4. Bg2 0-0 5. e4 d6 6. Nge2 Nc6 7. h3 Be6 8. d3 Nd4 9. 0-0 c5 10. Bg5 h6 11. Bd2 Qd7 12. Kh2 Nh7 13. f4 g5 14. f5 f6 15. fxe6 Qxe6 16. Nxd4 exd4 17. Nd5 Qd7 18. Bxb4 cxb4 19. Qb3 a5 20. Nb6 Qe6 21. Nxa8 Rxa8 22. c5 Qxb3 23. axb3 dxc5 24. Rf5 b6 25. e5 Rf8 26. exf6 Rxf6 27. Rxf6 Nxf6 28. Rf1 Kf7 29. Bd5+ Ke7 30. Bc4 g4 31. Re1+ Kf8 32. h4 Nd7 33. Bb5 Nf6 34. Re6 Nd5 35. Rxh6 Ne3 36. Rxb6 Nd1 37. h5 Nxb2 38. h6 Kg8 39. Rc6 a4 40. Bxa4 Nxd3 41. Bb5 Nc1 42. Bc4+ Kh7 43. Rxc5 d3 44. Rd5 Kxh6 45. Rxd3 Nxd3 46. Bxd3 Kg5 47. Kg2 Kf6 48. Kf2 Ke5 49. Ke3 Kd5 50. Kf4 Kd4 51. Bc4 Kc5 52. Kxg4 Kd6 53. Kf5 Ke7 54. Kg6 Kf8 55. Kh7 Ke7 56. g4 Kf6 57. Kh6 Ke7 58. g5 Kf8 59. g6 Ke7 60. g7 Kf6 61. g8Q 1-0